000 00728cab a2200241 4500
001 WB2738-04
008 090401t1991 xxu||||| |||| 00| 0 eng d
035 _a(Sirsi) u1433
041 _aeng
100 _aKitchen, Sarah
245 _aSlump end
260 _c1991
350 _a0
490 _aBuilding
_v256(7715) 4 October 1991, 7(1)
520 _aFurther signs that the bleakest market conditions since the war are improving have been reported by four independent sources, the RIBA, the DoE, Barclays Bank and the Inland Revenue.
650 _aCONSTRUCTION INDUSTRY
650 _aRECESSION
650 _aSTATISTICS
690 _aBUILT ENVIRONMENT
700 _aCooper, Peter
942 _n0
948 _c04/03/1997
999 _c795
_d795